Statistics for Lakes in the United States Quiz

Click here to take the quiz!

General Stats

  • This quiz has been taken 12,616 times
  • The average score is 10 of 20

Answer Stats

ClueLake% Correct
Great Lake #1Lake Erie
92%
Great Lake #3Lake Michigan
92%
Great Lake #5Lake Superior
90%
Great Lake #2Lake Huron
85%
Great Lake #4Lake Ontario
85%
Lake between Nevada and California, home to Michael CorleoneLake Tahoe
73%
Lake of Mormon pioneersGreat Salt Lake
67%
Deep lake atop an Oregon volcanoCrater Lake
53%
Group of lakes in upstate New York, including Cayuga and Seneca LakeFinger Lakes
44%
Reservoir behind Hoover DamLake Mead
42%
Brackish lake bordering New OrleansLake Pontchartrain
41%
Lake bordering New York, Vermont and CanadaLake Champlain
37%
Florida's largest lakeLake Okeechobee
36%
Salty "sea" at 226 ft below sea level. Largest in California by surface areaSalton Sea
26%
Minnesota lake that forms the northernmost point of the continental 48Lake of the Woods
24%
Reservoir created by the Glen Canyon Dam in Utah and ArizonaLake Powell
20%
Large reservoir behind Parker Dam, in California and ArizonaLake Havasu
19%
Dragon-shaped laked formed by the damming of the Osage river in MissouriLake of the Ozarks
18%
Lake that separates Seattle from its eastern suburbsLake Washington
18%
Wisconsin lake bordering Oshkosh and Fond du LacLake Winnebago
13%

Score Distribution

Percentile by Number Answered

Percent of People with Each Score

Your Score History

You have not taken this quiz